Mutter Meera: ein Avatar im Limburger Land
| Main Author: | |
|---|---|
| Format: | Print Article |
| Language: | German |
| Check availability: | HBZ Gateway |
| Interlibrary Loan: | Interlibrary Loan for the Fachinformationsdienste (Specialized Information Services in Germany) |
| Published: |
2001
|
| In: |
Materialdienst
Year: 2001, Volume: 64, Issue: 2, Pages: 59-63 |
| Standardized Subjects / Keyword chains: | B
Mir̄ā Mā 1960-
/ Limburg a. d. Lahn (Region)
/ Incarnation
/ Mother goddess
/ New religion
|
| RelBib Classification: | AZ New religious movements BK Hinduism, Jainism, Sikhism |
MARC
| LEADER | 00000caa a22000002c 4500 | ||
|---|---|---|---|
| 001 | 1641429941 | ||
| 003 | DE-627 | ||
| 005 | 20220616112543.0 | ||
| 007 | tu | ||
| 008 | 160405s2001 xx ||||| 00| ||ger c | ||
| 035 | |a (DE-627)1641429941 | ||
| 035 | |a (DE-576)465242499 | ||
| 035 | |a (DE-599)BSZ465242499 | ||
| 040 | |a DE-627 |b ger |c DE-627 |e rakwb | ||
| 041 | |a ger | ||
| 084 | |a 0 |2 ssgn | ||
| 100 | 1 | |0 (DE-588)1058697412 |0 (DE-627)797427686 |0 (DE-576)414844203 |4 aut |a Lemhöfer, Lutz |d 1948- | |
| 109 | |a Lemhöfer, Lutz 1948- | ||
| 245 | 1 | 0 | |a Mutter Meera |b ein Avatar im Limburger Land |
| 264 | 1 | |c 2001 | |
| 336 | |a Text |b txt |2 rdacontent | ||
| 337 | |a ohne Hilfsmittel zu benutzen |b n |2 rdamedia | ||
| 338 | |a Band |b nc |2 rdacarrier | ||
| 601 | |a Limburg | ||
| 652 | |a AZ:BK | ||
| 689 | 0 | 0 | |d p |0 (DE-588)119193388 |0 (DE-627)695784447 |0 (DE-576)170036332 |2 gnd |a Mīrā |c Mā |d 1960- |
| 689 | 0 | 1 | |d g |0 (DE-588)4407613-7 |0 (DE-627)196268583 |0 (DE-576)212128434 |2 gnd |a Limburg a. d. Lahn |z Region |
| 689 | 0 | 2 | |d s |0 (DE-588)4027024-5 |0 (DE-627)106286331 |0 (DE-576)208968881 |2 gnd |a Inkarnation |
| 689 | 0 | 3 | |d s |0 (DE-588)4123810-2 |0 (DE-627)105752401 |0 (DE-576)209562854 |2 gnd |a Muttergottheit |
| 689 | 0 | 4 | |d s |0 (DE-588)4279419-5 |0 (DE-627)104374969 |0 (DE-576)210744189 |2 gnd |a Neue Religion |
| 689 | 0 | |5 (DE-627) | |
| 773 | 0 | 8 | |i In |a Evangelische Zentralstelle für Weltanschauungsfragen |t Materialdienst |d Hannover : EKD Verlag, 1972 |g 64(2001), 2, Seite 59-63 |w (DE-627)335259022 |w (DE-600)2059151-2 |w (DE-576)095428488 |x 0721-2402 |7 nnas |
| 773 | 1 | 8 | |g volume:64 |g year:2001 |g number:2 |g pages:59-63 |
| 935 | |a mteo | ||
| 951 | |a AR | ||
| ELC | |b 1 | ||
| ITA | |a 1 |t 1 | ||
| LOK | |0 000 xxxxxcx a22 zn 4500 | ||
| LOK | |0 001 3304304223 | ||
| LOK | |0 003 DE-627 | ||
| LOK | |0 004 1641429941 | ||
| LOK | |0 005 20160405124729 | ||
| LOK | |0 008 160404||||||||||||||||ger||||||| | ||
| LOK | |0 040 |a DE-Tue135 |c DE-627 |d DE-Tue135 | ||
| LOK | |0 092 |o n | ||
| LOK | |0 852 |a DE-Tue135 | ||
| LOK | |0 852 1 |9 00 | ||
| LOK | |0 935 |a ixzs |a ixmi | ||
| LOK | |0 936ln |0 1442043326 |a AZ | ||
| LOK | |0 936ln |0 1442043571 |a BK | ||
| LOK | |0 939 |a 04-04-16 |b l01 | ||
| ORI | |a SA-MARC-ixtheoa001.raw | ||
| REL | |a 1 | ||
| STA | 0 | 0 | |a Incarnation,Incarnation,Avatāra,Avatars (Religion),Incarnation in art,Mother goddess,Mother goddess,New religion,New religion,New religious movement |
| STB | 0 | 0 | |a Déesse mère,Déesse mère,Incarnation,Incarnation (christianisme),Avatars (religion),Nouvelles religions,Nouvelles religions |
| STC | 0 | 0 | |a Diosa-madre,Diosa-madre,Encarnación,Encarnación,Encarnación,Religión nueva,Religión nueva |
| STD | 0 | 0 | |a Dea madre,Dea madre,Incarnazione,Incarnazione,Nuove religioni,Nuove religioni |
| STE | 0 | 0 | |a 地母神,大地女神,母亲女神,新宗教,道成肉身,道成肉身,化身,化身 |
| STF | 0 | 0 | |a 地母神,大地女神,母親女神,新宗教,道成肉身,道成肉身,化身,化身 |
| STG | 0 | 0 | |a Deusa-mãe,Deusa-mãe,Encarnação,Encarnação,Religião nova,Religião nova |
| STH | 0 | 0 | |a Богиня-мать (мотив),Богиня-мать,Воплощение (мотив),Воплощение (религия),Новая религия (мотив),Новая религия |
| STI | 0 | 0 | |a Ενσάρκωση (μοτίβο),Ενσάρκωση,Θεά Μητέρα (μοτίβο),Θεά Μητέρα,Νέα θρησκεία (μοτίβο),Νέα θρησκεία |
| SUB | |a REL | ||
| SYG | 0 | 0 | |a Reddy, Kamala,1960-,Meera,Mutter,1960-,Meera,Mother,1960-,Meera,Mère,1960-,Meera,Moeder,1960-,Mutter, Die,1960-,Mother, The,1960-,Mère, La,1960- , Gott,Menschwerdung,Inkorporation,Avatāra,Avatar,Awatara,Abaduoluo,A-pa-to-lo,Aboduoluo,A-po-to-lo,Gongen , Neureligion,Neureligiöse Bewegung,Neue religiöse Bewegung,Neue Glaubensgemeinschaft |



